[Event "SSOBZ Cup Team 12th"]
[Site "Valpovo"]
[Date "2019.02.15"]
[Round "1.4"]
[White "Sos, Fran"]
[Black "Stanic, Ivica"]
[Result "1/2-1/2"]
[WhiteElo "2025"]
[BlackElo "2046"]
[PlyCount "130"]
[EventDate "2019.02.15"]
[EventType "team-swiss"]
[EventRounds "5"]
[EventCountry "CRO"]
[SourceTitle "CBM 189 Extra"]
[Source "ChessBase"]
[SourceDate "2019.06.03"]
[SourceVersion "1"]
[SourceVersionDate "2019.06.03"]
[SourceQuality "1"]
[WhiteTeam "Donji Miholjac"]
[BlackTeam "Valpovo HC"]
[WhiteTeamCountry "CRO"]
[BlackTeamCountry "CRO"]

1. d4 f5 2. Nf3 Nf6 3. c4 b6 4. g3 Bb7 5. Bg2 e6 6. 0-0 Be7 7. b3 0-0 8. Bb2 Ne4 9. Nfd2 Bf6 10. f3 Nxd2 11. Qxd2 Na6 12. e4 Bg5 13. f4 Be7 14. Qc2 fxe4 15. Bxe4 Bxe4 16. Qxe4 Bf6 17. Nc3 c5 18. Na4 Re8 19. d5 Bxb2 20. Nxb2 Nb4 21. d6 Qf6 22. Nd3 Nxd3 23. Qxd3 Rac8 24. Rae1 Rc6 25. Re5 g6 26. g4 Qf8 27. Qe2 Rxd6 28. f5 Qh6 29. f6 Kf7 30. g5 Qh4 31. Rd1 Rd4 32. Rxd4 Qxd4+ 33. Kg2 d6 34. Re4 Qc3 35. Re3 Qc1 36. Qf3 Qd2+ 37. Kf1 Qc1+ 38. Kf2 Qd2+ 39. Kg3 d5 40. h4 Rd8 41. Qf4 dxc4 42. bxc4 Qd6 43. Qxd6 Rxd6 44. Kf4 Rd4+ 45. Re4 Rd2 46. a3 Ra2 47. Re3 Rd2 48. Ke5 Rd4 49. Re4 Rd3 50. a4 a6 51. Re2 b5 52. axb5 axb5 53. cxb5 Rd5+ 54. Ke4 Rd4+ 55. Ke5 Rd5+ 56. Ke4 h6 57. b6 hxg5 58. b7 Rd4+ 59. Ke5 Rb4 60. hxg5 Rxb7 61. Rh2 Rd7 62. Rh7+ Ke8 63. Rh8+ Kf7 64. Rh7+ Ke8 65. Rh8+ Kf7 1/2-1/2

[Event "CRO-chT2 Ost"]
[Site "Croatia"]
[Date "2015.10.18"]
[Round "9.64"]
[White "Bubalovic, Davorin"]
[Black "Stanic, Ivica"]
[Result "1-0"]
[WhiteElo "2265"]
[BlackElo "2015"]
[PlyCount "53"]
[EventDate "2015.04.25"]
[EventType "team-tourn"]
[EventRounds "11"]
[EventCountry "CRO"]
[SourceTitle "EXT 2016"]
[Source "ChessBase"]
[SourceDate "2015.10.08"]
[SourceVersion "1"]
[SourceVersionDate "2015.10.08"]
[SourceQuality "1"]

1. e4 c6 2. d4 d6 3. Nf3 Bg4 4. Nc3 b5 5. h3 Bd7 6. Bd3 g6 7. Bf4 Bg7 8. 0-0 Qb6 9. e5 d5 10. a4 b4 11. a5 Qc7 12. Ne2 e6 13. Nc1 c5 14. dxc5 Qxc5 15. Nb3 Qc7 16. Nbd4 a6 17. Qd2 Qb7 18. Nb3 Bf8 19. Be3 Bc6 20. Nc5 Bxc5 21. Bxc5 b3 22. cxb3 Qxb3 23. Nd4 Qb7 24. Rfc1 Bd7 25. Ra3 Qc7 26. Bd6 Qa7 27. Qb4 1-0

[Event "CRO-chT2 East"]
[Site "Croatia"]
[Date "2014.05.11"]
[Round "6.65"]
[White "Stanic, Ivica"]
[Black "Aleksic, Robert"]
[Result "1/2-1/2"]
[WhiteElo "2029"]
[BlackElo "2211"]
[PlyCount "86"]
[EventDate "2014.04.26"]
[EventType "team-tourn"]
[EventRounds "11"]
[EventCountry "CRO"]
[SourceTitle "EXT 2019"]
[Source "ChessBase"]
[SourceDate "2018.10.10"]
[SourceVersion "1"]
[SourceVersionDate "2018.10.10"]
[SourceQuality "1"]

1. c4 Nf6 2. Nc3 d6 3. e3 e5 4. Bd3 Nc6 5. Nge2 Be6 6. b3 d5 7. cxd5 Nxd5 8. Bb5 Qd7 9. 0-0 a6 10. Bxc6 Qxc6 11. Nxd5 Bxd5 12. f3 f6 13. Bb2 Bd6 14. e4 Bf7 15. Rc1 Qd7 16. d4 exd4 17. Qxd4 Rd8 18. Qe3 b6 19. Bd4 0-0 20. Qc3 Rfe8 21. Rcd1 Qb5 22. Ng3 c5 23. Bf2 Be5 24. Qc1 g6 25. Rxd8 Rxd8 26. Rd1 Rxd1+ 27. Qxd1 a5 28. Ne2 Kg7 29. f4 Bc7 30. g3 Qc6 31. Nc3 c4 32. Nd5 b5 33. Bd4 Bxd5 34. exd5 Qd6 35. bxc4 bxc4 36. Bc3 Kf7 37. Kg2 Bb6 38. Kf3 h5 39. Qd2 a4 40. h3 Bc5 41. g4 hxg4+ 42. hxg4 Bb6 43. Kg2 Bc7 1/2-1/2

[Event "CRO-chT2 East"]
[Site "Croatia"]
[Date "2014.04.26"]
[Round "1.36"]
[White "Grguric, Zeljko"]
[Black "Stanic, Ivica"]
[Result "0-1"]
[WhiteElo "2099"]
[BlackElo "2029"]
[PlyCount "94"]
[EventDate "2014.04.26"]
[EventType "team-tourn"]
[EventRounds "11"]
[EventCountry "CRO"]
[SourceTitle "EXT 2019"]
[Source "ChessBase"]
[SourceDate "2018.10.10"]
[SourceVersion "1"]
[SourceVersionDate "2018.10.10"]
[SourceQuality "1"]

1. Nc3 d5 2. e4 d4 3. Nce2 Nc6 4. Ng3 Nf6 5. a3 Qd6 6. Bc4 Ne5 7. Qe2 h5 8. d3 h4 9. Nf1 Nxc4 10. dxc4 e5 11. Bg5 Be7 12. h3 Bd7 13. Bxf6 Qxf6 14. Nf3 Bc6 15. N1d2 Qf4 16. 0-0-0 0-0-0 17. Kb1 g6 18. Ne1 Kb8 19. Nd3 Qf6 20. Nf3 Rh5 21. g4 hxg3 22. fxg3 Rdh8 23. Rhf1 Qe6 24. g4 Rxh3 25. Ndxe5 Be8 26. c5 f6 27. Qc4 Qxc4 28. Nxc4 Bb5 29. Nfd2 Rf8 30. b4 Rc3 31. Nb2 Bxf1 32. Nxf1 Rxa3 33. Rxd4 Rf3 34. Nd2 Rg3 35. Rd7 Re8 36. e5 fxe5 37. Nd3 Kc8 38. Rd5 Bf6 39. Ne4 Rg1+ 40. Ka2 Bg7 41. g5 Rg4 42. Ndf2 Rf4 43. Rd2 Rd8 44. Re2 Kd7 45. Kb3 a6 46. Rd2+ Ke7 47. Re2 Ke6 0-1

[Event "CRO-chT2 East"]
[Site "Osijek"]
[Date "2013.04.20"]
[Round "1.56"]
[White "Grguric, Zeljko"]
[Black "Stanic, Ivica"]
[Result "0-1"]
[WhiteElo "2097"]
[BlackElo "2029"]
[PlyCount "182"]
[EventDate "2013.04.20"]
[EventType "team-tourn"]
[EventRounds "11"]
[EventCountry "CRO"]
[SourceTitle "EXT 2023"]
[Source "ChessBase"]
[SourceDate "2022.10.05"]
[SourceVersion "1"]
[SourceVersionDate "2022.10.05"]
[SourceQuality "1"]

1. e4 d6 2. d4 Nd7 3. f4 g6 4. Nf3 Bg7 5. c3 b6 6. Be3 Bb7 7. Bd3 Ngf6 8. Nbd2 Ng4 9. Bg1 Bh6 10. h3 Ngf6 11. Bh2 d5 12. e5 Ne4 13. 0-0 0-0 14. Bxe4 dxe4 15. Ng5 Bxg5 16. fxg5 f6 17. gxf6 exf6 18. exf6 Rxf6 19. Qe2 Re6 20. Qc4 Qe7 21. d5 b5 22. Qxb5 Rb6 23. Qc4 Ba6 24. Qxe4 Qxe4 25. Nxe4 Bxf1 26. Rxf1 Rxb2 27. Bxc7 Re8 28. Rf4 Kg7 29. Ng5 Ree2 30. Rf7+ Kg8 31. Rxd7 Rxg2+ 32. Kf1 Rxg5 33. Rd8+ Kf7 34. Rd7+ Kg8 35. Rd8+ Kf7 36. Rd7+ Ke8 37. Rd8+ Kf7 38. Rd7+ Ke8 39. Rd8+ Ke7 40. d6+ Ke6 41. Re8+ Kd7 42. Rd8+ Kc6 43. Rc8 Rf5+ 44. Ke1 Rf7 45. Bb8+ Kb7 46. Re8 Rd7 47. Re7 Kc6 48. Bxa7 Rxa2 49. Bc5 Rh2 50. Re5 Rxh3 51. Bb4 Rd3 52. Re6 Rf3 53. Ke2 Rf5 54. Ke3 Kd5 55. Re4 h5 56. Rd4+ Kc6 57. Rc4+ Kb7 58. Re4 g5 59. Re6 Kc6 60. Ke4 Rf4+ 61. Ke5 Rff7 62. c4 Rf4 63. Rg6 Rxc4 64. Ba3 Ra4 65. Bc1 Ra5+ 66. Ke4 Rxd6 67. Rxg5 Rxg5 68. Bxg5 Rd1 69. Kf4 Rg1 70. Bd8 Kd7 71. Bb6 Rg8 72. Bf2 Ke6 73. Bg3 Rg4+ 74. Kf3 Kf5 75. Bh2 h4 76. Bc7 Rc4 77. Bb8 Rc3+ 78. Kg2 Kg4 79. Kh2 Rc2+ 80. Kg1 Kf3 81. Kh1 Rb2 82. Bc7 Kg4 83. Be5 Re2 84. Bc7 Re7 85. Bd6 Rd7 86. Be5 Kh3 87. Kg1 Rd5 88. Bc7 Rg5+ 89. Kf1 Rg3 90. Bd6 Kh2 91. Kf2 Kh3 0-1

[Event "CRO-chT2 Ost"]
[Site "Osijek"]
[Date "2012.10.28"]
[Round "10.16"]
[White "Sesar, Ante"]
[Black "Stanic, Ivica"]
[Result "1/2-1/2"]
[WhiteElo "1755"]
[BlackElo "2013"]
[PlyCount "26"]
[EventDate "2012.04.21"]
[EventType "team-tourn"]
[EventRounds "11"]
[EventCountry "CRO"]
[SourceTitle "EXT 2014"]
[Source "ChessBase"]
[SourceDate "2013.11.20"]
[SourceVersion "1"]
[SourceVersionDate "2013.11.20"]
[SourceQuality "1"]

1. d4 e5 2. c3 e4 3. a3 d5 4. g3 f5 5. Bg2 Nf6 6. Bg5 Bd6 7. Nd2 0-0 8. e3 Be6 9. Rc1 Nbd7 10. Ne2 Qe8 11. Bf4 Bxf4 12. Nxf4 Nb6 13. Nxe6 Qxe6 1/2-1/2

[Event "CRO-chT2 Ost"]
[Site "Osijek"]
[Date "2012.05.06"]
[Round "6.16"]
[White "Sulc, Gordana"]
[Black "Stanic, Ivica"]
[Result "0-1"]
[WhiteElo "1946"]
[BlackElo "2013"]
[PlyCount "64"]
[EventDate "2012.04.21"]
[EventType "team-tourn"]
[EventRounds "11"]
[EventCountry "CRO"]
[SourceTitle "EXT 2014"]
[Source "ChessBase"]
[SourceDate "2013.11.20"]
[SourceVersion "1"]
[SourceVersionDate "2013.11.20"]
[SourceQuality "1"]

1. e4 c5 2. Nf3 d6 3. d4 cxd4 4. Nxd4 Nf6 5. Nc3 a6 6. a4 e5 7. Nb3 Be6 8. Bg5 Nbd7 9. Nd5 h6 10. Nxf6+ Nxf6 11. Bxf6 Qxf6 12. Na5 Qd8 13. Qd2 Qc7 14. Bd3 Be7 15. 0-0 0-0 16. Nb3 Rad8 17. c4 b5 18. axb5 axb5 19. Qa5 Qb7 20. Qa7 Qxa7 21. Rxa7 bxc4 22. Rxe7 cxd3 23. Nd2 Rb8 24. b3 Rfc8 25. f4 exf4 26. Rxf4 Rc2 27. Rf2 Ra8 28. Nc4 Ra1+ 29. Rf1 Rxf1+ 30. Kxf1 Bxc4 31. Re8+ Kh7 32. bxc4 Rc1+ 0-1

[Event "CRO-chT2c"]
[Site "Croatia"]
[Date "2009.05.03"]
[Round "6"]
[White "Ljikar, Zoran"]
[Black "Stanic, Ivica"]
[Result "1-0"]
[WhiteElo "2201"]
[BlackElo "2001"]
[PlyCount "87"]
[EventDate "2009.04.04"]
[EventType "team-tourn"]
[EventRounds "11"]
[EventCountry "CRO"]
[SourceTitle "EXT 2010"]
[Source "ChessBase"]
[SourceDate "2010.11.25"]
[SourceVersion "1"]
[SourceVersionDate "2010.11.25"]
[SourceQuality "1"]

1. e4 c5 2. Nc3 Nc6 3. g3 Nf6 4. Bg2 e5 5. d3 h6 6. f4 d6 7. h3 a6 8. Nf3 Nd4 9. 0-0 Nxf3+ 10. Qxf3 Be7 11. g4 Be6 12. f5 Bd7 13. Be3 Bc6 14. a3 Qa5 15. Rfb1 Rd8 16. b4 cxb4 17. axb4 Qc7 18. Qf2 Qd7 19. Bb6 Rc8 20. Qg3 Bd8 21. Bf2 Bc7 22. Nd5 Bxd5 23. exd5 Kf8 24. c4 Kg8 25. b5 Ra8 26. Rb2 Kh7 27. Rba2 Qc8 28. Bf3 Nd7 29. h4 Nc5 30. Be4 Bb6 31. Qf3 f6 32. Kg2 a5 33. Be3 Kg8 34. g5 hxg5 35. hxg5 Kf7 36. Qg4 Rg8 37. Rh1 Bd8 38. Kf3 b6 39. Rh7 Nd7 40. Qh5+ Kf8 41. Rh8 Bc7 42. Rxg8+ Kxg8 43. g6 Kf8 44. Qh8+ 1-0

[Event "Bizovac Metalis op 15th"]
[Site "Bizovac"]
[Date "2008.02.22"]
[Round "3"]
[White "Sribar, Peter"]
[Black "Stanic, Ivica"]
[Result "1-0"]
[WhiteElo "2234"]
[BlackElo "1973"]
[PlyCount "64"]
[EventDate "2008.02.21"]
[EventType "swiss"]
[EventRounds "7"]
[EventCountry "CRO"]
[SourceTitle "CBM 122 Extra"]
[Source "ChessBase"]
[SourceDate "2008.03.04"]
[SourceVersion "1"]
[SourceVersionDate "2008.03.04"]
[SourceQuality "1"]

1. d4 b6 2. c4 Bb7 3. Nc3 f5 4. Nf3 Nf6 5. g3 g6 6. Bg2 Bg7 7. 0-0 0-0 8. d5 Na6 9. Nd4 Re8 10. Re1 e5 11. dxe6 Bxg2 12. exd7 Qxd7 13. Kxg2 Rad8 14. e3 c5 15. Ndb5 Qe6 16. Qa4 Qc6+ 17. f3 Nb4 18. Re2 a6 19. Na3 Qb7 20. Nc2 Nd3 21. Ne1 Nxe1+ 22. Rxe1 g5 23. Qc2 Re5 24. Bd2 g4 25. Rf1 b5 26. Rad1 b4 27. Ne2 gxf3+ 28. Rxf3 Ng4 29. Ng1 Rxe3 30. Qxf5 Rxd2+ 31. Rxd2 Rxf3 32. Rd8+ Bf8 1-0

[Event "CRO-chT2 East"]
[Site "Croatia"]
[Date "2005.04.23"]
[Round "5.4"]
[White "Stanic, Ivica"]
[Black "Tolic, Mato"]
[Result "0-1"]
[WhiteElo "1971"]
[BlackElo "2043"]
[PlyCount "84"]
[EventDate "2005.03.19"]
[EventType "team"]
[EventRounds "11"]
[EventCountry "CRO"]
[SourceTitle "EXT 2007"]
[Source "ChessBase"]
[SourceDate "2006.11.23"]
[SourceVersion "1"]
[SourceVersionDate "2006.11.23"]
[SourceQuality "1"]

1. c4 Nf6 2. Nc3 e6 3. a3 d5 4. d4 Be7 5. Bg5 0-0 6. e3 c6 7. Nf3 Nbd7 8. Be2 Bd6 9. Qc2 Qe8 10. 0-0 b6 11. Rfe1 Bb7 12. Rad1 Rc8 13. Qa4 a6 14. Qb3 dxc4 15. Bxc4 b5 16. Be2 c5 17. dxc5 Nxc5 18. Qa2 Nfe4 19. Nxe4 Nxe4 20. Bh4 Be7 21. Bxe7 Qxe7 22. Qb1 Qf6 23. Rd4 Ng5 24. Nh4 e5 25. Rb4 Rc5 26. Rd1 a5 27. Rxb5 Be4 28. Qa1 Rxb5 29. Bxb5 Nh3+ 30. gxh3 Qxh4 31. Kf1 Qxh3+ 32. Ke1 Qxh2 33. Bf1 Bf3 34. Rd6 Qg1 35. b4 Bg2 36. Ke2 axb4 37. Rd1 Bc6 38. axb4 Bb5+ 39. Kf3 Qh1+ 40. Kg3 Bc6 41. Qxe5 Qf3+ 42. Kh4 Qxd1 0-1